Roman law in European history (Registro nro. 309823)

Detalles MARC
000 -ENCABEZADO
Número de control [NR] 00916cam a2200301 a 4500
001 - NÚMERO DE CONTROL
control field 4981454
005 - FECHA Y HORA DE LA ÚLTIMA TRANSACCIÓN
control field 20180528111510.0
008 - DE LONGITUD FIJA DE DATOS DE ELEMENTOS - INFORMACIÓN GENERAL
Elementos de longitud fija [NR] 180528s1999 nyub b 001 0 eng d
010 ## - NUMERO DE CONTROL DE LA BIBLIOTECA DEL CONGRESO (LC) [NR]
Número de control LC [NR] 98039112
020 ## - NUMERO INTERNACIONAL NORMALIZADO PARA LIBROS [R]
ISBN Cancelado/ Invalidado [R] 0521643724
020 ## - NUMERO INTERNACIONAL NORMALIZADO PARA LIBROS [R]
Número Internacional Normalizado del libro [NR] 9780521643795
020 ## - NUMERO INTERNACIONAL NORMALIZADO PARA LIBROS [R]
ISBN Cancelado/ Invalidado [R] 0521643791
035 ## - NUMERO DE CONTROL DEL SISTEMA [R]
Número de control del sistema [NR] (DLC) 98039112
040 ## - FUENTE DE CATALOGACION [NR]
Agencia de catalogación original [NR] Co-BoUCM
Quien Cataloga Saul Niño
Quien Clasifica Saul Niño
041 1# - CODIGO DE IDIOMA [R]
Código de idioma para texto/pista de sonido o título separado [R] Inglés
Language code of original and/or intermediate translations of text ger
043 ## - CODIGO DE AREA GEOGRAFICA [NR]
Código de área geográfica [R] e------
050 00 - SIGNATURA TOPOGRAFICA DE LA BIBLIOTECA DEL CONGRESO (LC) [R]
Número clasificador [R] KJA147
Número del ítem [NR] .S74413 1999
100 1# - ASIENTO PRINCIPAL--NOMBRE PERSONAL [NR]
Nombre personal [NR] Stein, Peter
Fechas asociadas con el nombre [NR] 1926-
ID Autoridad 92635
245 10 - MENCION DE TITULO [NR]
Título [NR] Roman law in European history
Mención de responsabilidad, etc. [NR] Peter Stein.
260 ## - PUBLICACION, DISTRIBUCION, ETC. (PIE DE IMPRENTA) [R]
Lugar de publicación, distribución, etc. [R] New York
Nombre del editor, distribuidor, etc. [R] Cambridge University Press
Fecha de publicación, distribución, etc. [R] 1999
300 ## - DESCRIPCION FISICA [R]
Extensión [R] ix, 137 páginas
546 ## - NOTA DE IDIOMA [R]
Nota de idioma [NR] Texto en inglés
650 #7 - ASIENTO SECUNDARIO DE MATERIA - TERMINO TEMATICO [R]
Término temático o nombre geográfico como elemento de entrada [NR] Derecho romano
Subdivisión general [R] Historia
9 (RLIN) 27933
650 #7 - ASIENTO SECUNDARIO DE MATERIA - TERMINO TEMATICO [R]
Término temático o nombre geográfico como elemento de entrada [NR] Derecho
Subdivisión geográfica [R] Europa
Subdivisión general [R] Usos y costumbres
9 (RLIN) 7494
765 ## - ASIENTO DE IDIOMA ORIGINAL [R]
Título [NR] Romisches Recht und Europa
942 ## - ELEMENTOS DE ENTRADA AGREGADOS (KOHA)
Sistema de clasificación DEWEY
Tema principal Derecho
Tipo de ítem principal el descrito en 300a Libro
Edición 1
Clasificación 340.54
Parte restante de la signatura top. S819r
Existencias
Fecha de último préstamo Total préstamos Total Renewals Signatura topográfica Código de barras Última vez visto Ejemplar Costo de reposición Price effective from Tipo de ítem Perdido Sistema de clasificación Dañado No prestable Tipo de ítem específico Suprimido Ubicación habitual Ubicación actual Localización Fecha de creación Proveedor Forma de adquisición Costo
23/06/2023 4 1 340.54 S819r 100157304 08/06/2024 Ej.1 102173.00 21/05/2018 Libro   DEWEY     Libro   Bodega Bodega 3er piso 21/05/2018 15 Compra 102173.00